01507nam a2200289 a 4500001001000000005001700010008004100027041000800068044000700076084002000083100004500103245008900148260003300237300002200270500020200292500005500494500031400549500001000863546002500873650005200898650005600950650003401006650004501040700004001085700004201125740005001167BRCA_309820190320204118.0280109s1838----fr-a---###---#000-0dfre-u afre afr a404b.D83c18381 aCervantes Saavedra, Miguel ded1547-161610aL´Ingénieux Hidalgo Don Quichotte de la Manchecpar Miguel de Cervantes Saavedra. aParísbJ.J. Dubochetc1838 a4 v.bil.c16 cm. aContenido : v 1. Primera parte. Noticia sobre la vida y obra de Cervantes por L. Viardot. Prólogo del autor. Texto. -- v 2. Texto. -- v 3. Segunda parte. Prólogo del autor. Texto. -- v 4. Texto aEdición : Traduite et annoté par Louis Viardot aEdición conforme a la publicada por el mismo editor, en 1836-37, pero sin los dibujos de Johannot; en cambio, va adornada con el retrato de Cervantes grabado por Lefevre y varias láminas de Charlet. Al pie de las páginas, las notas de Viardot. Piel; lomos y planos decorados con dorados Lúdovik Osterc aQM330 aTexto en : francés14aNovela españolayÉpoca clásica, 1500-170014aLiteratura españolayÉpoca clásica, 1500-170014aNovela españolaySiglo XVII14aDon Quijote (Personaje ficticio)eNovela1 aViardot, Louisd1800-1883eTradutor1 aJohannot, Tonyd1803-1852eIlustrador0 aEl Ingenioso Hidalgo Don Quijote de la Mancha